Yajurved bhasa bhashy (Record no. 440318)

000 -LEADER
fixed length control field 00305cam a22000977a 4500
008 - FIXED-LENGTH DATA ELEMENTS--GENERAL INFORMATION
fixed length control field 180718b xxu||||| |||| 00| 0 eng d
100 ## - MAIN ENTRY--PERSONAL NAME
Personal name Saraswati, Mharishi Dayanand
245 ## - TITLE STATEMENT
Title Yajurved bhasa bhashy
Statement of responsibility, etc. by Mharishi Dayanand Saraswati
260 ## - PUBLICATION, DISTRIBUTION, ETC.
Place of publication, distribution, etc. New Delhi
Name of publisher, distributor, etc. Sarvadesik Arya Pratinidhi Sabha
Date of publication, distribution, etc.
300 ## - PHYSICAL DESCRIPTION
Extent 1216p.
Holdings
Withdrawn status Lost status Damaged status Not for loan Permanent Location Current Location Date acquired Barcode Date last seen Price effective from Koha item type
        Indian Institute of Public Administration Indian Institute of Public Administration 2010-05-11 73012 2018-07-21 2018-07-21 Book

Powered by Koha